00338nam a2200133Ia 4500008004100000041000800041082001500049100002100064245002800085250001500113260003500128300003400163365000700197240624s9999 xx 000 0 und d aeng a302.35 ROB aROBBINS STEPEN P aORGANIZATIONAL BEHAVIOR a(10th ed.) c2004aNew DelhibPrentice-Hall axxviii, : 657 : p. : cm. ; 26 cRS